Velká ekonomická encyklopedie

Gespeichert in:
Bibliographische Detailangaben
Weitere Verfasser: Žák, Milan
Format: Buch
Sprache:Tschechisch
Veröffentlicht: Praha Linde 1999
Schlagworte:
Tags: Tag hinzufügen
Keine Tags, Fügen Sie das erste Tag hinzu!

MARC

LEADER 00000nam a2200000 4500
001 c115460
005 20221102135300.5
020 |a 80-7201-172-3 
041 0 |a cze 
044 |a CZ 
245 1 0 |a Velká ekonomická encyklopedie  |c sestavil a uspořádal Milan Žák a kolektiv autorů 
264 1 |a Praha  |b Linde  |c 1999 
300 |a 806 s. 
610 2 0 |a ekonómia 
610 2 0 |a terminológia 
610 2 0 |a veda ekonomická 
700 1 |a Žák, Milan